Sports Quiz

Random Sports or Football Quiz

Name all the 1980's Los Angeles Dodgers Quiz Stats

Quiz not verified by Sporcle

Challenge
Share
Tweet
Embed
Score 0/144 Timer 20:00
0 Plays Today
Position Player % Correct
3BRon Cey
93.5%
2BSteve Sax
93.5%
PFernando Valenzuela
93.1%
1BSteve Garvey
91.8%
C-OFDave Sax
91.8%
POrel Hershiser
90.7%
OF-3BPedro Guerrero
89.6%
2BDavey Lopes
87%
SS-OFBill Russell
86.2%
CMike Scioscia
85.1%
OF-1BReggie Smith
82.7%
1B-OFMike Marshall
82.5%
OFMike Davis
81.4%
PRon Davis
81.1%
CSteve Yeager
80.2%
OFKirk Gibson
80.1%
OFDusty Baker
76.8%
PSteve Howe
74.8%
SS-3B-2BDave Anderson
72.9%
PDon Sutton
72%
PBob Welch
71.1%
OF-1BRick Monday
68.4%
PRamon Martinez
68.2%
OF-3B-1BMickey Hatcher
66.5%
1BGreg Brock
66.4%
PJerry Reuss
66.2%
OFKen Landreaux
64.4%
SSAlfredo Griffin
61.3%
MGRTom Lasorda
61.3%
PBurt Hooton
59.7%
1B-OFFranklin Stubbs
58.8%
PKen Howell
57.1%
PJay Howell
57%
1BEddie Murray
56.7%
PTim Belcher
56.2%
OFReggie Williams
56.2%
PAlejandro Pena
55.1%
SS-UTDerrel Thomas
54.9%
PDave Stewart
54.5%
3BBill Madlock
54.1%
3BJeff Hamilton
53.8%
SS-2B-OFMariano Duncan
53.5%
PTom Niedenfuer
52.9%
CRick Dempsey
52.2%
OFJose Gonzalez
49.7%
OFJohn Shelby
49%
PHManny Mota
48.9%
PRick Sutcliffe
48.1%
Position Player % Correct
C-OFJoe Ferguson
47.2%
PMatt Young
47.2%
OF-2B-3BLenny Harris
46.5%
PTim Leary
46.5%
PRick Honeycutt
45.8%
2BWillie Randolph
44.1%
PCharlie Hough
42.9%
3B-2B-SSMike Sharperson
41.1%
PJohn Tudor
40.3%
PMike Morgan
40.2%
PLarry White
39.1%
OFKal Daniels
38.9%
PSid Fernandez
37.4%
PJesse Orosco
36.8%
OF-PHJay Johnstone
35.9%
PTim Crews
35.7%
OFCandy Maldonado
35.1%
1BSid Bream
33.5%
OFRudy Law
32.9%
OFR. J. Reynolds
32.2%
PBobby Castillo
31.4%
3B-1BTracy Woodson
30.9%
OFAl Oliver
29.3%
OFLemmie Miller
29.2%
PDennis Powell
28.8%
PRicky Horton
28.3%
PTerry Forster
27.8%
3B-1B-OFEnos Cabell
27.6%
OFCesar Cedeno
27.5%
CJack Fimple
27.5%
CAlex Trevino
27.5%
OFMike Devereaux
27%
PDave Goltz
26.6%
OFChris Gwynn
26.5%
2B-SS-3BBob Bailor
26.2%
PPat Zachry
26.1%
PBrian Holton
25.2%
OFRon Roenicke
24.3%
2B-3B-OFRafael Landestoy
23.7%
PJoe Beckwith
23.6%
CJerry Grote
23.1%
OF-1B-3BLen Matuszek
22.6%
SS-2BMark Belanger
22%
OF-1BDanny Heep
21.9%
PDon Stanhouse
21.4%
CGil Reyes
21%
2BJack Perconte
20.9%
PCarlos Diaz
20.5%
Position Player % Correct
1B-PHJose Morales
20.1%
3B-2B-SSPhil Garner
19.4%
PJohn Wetteland
19.3%
1BVic Davalillo
18.6%
OF-1BGary Thomasson
18.6%
3BGerman Rivera
18.5%
PRicky Wright
18.3%
SSGlenn Hoffman
18.1%
PEd Vande Berg
17.7%
SSJose Vizcaino
17.5%
OFBobby Mitchell
17.2%
OFTerry Whitfield
17.2%
OFRalph Bryant
16.3%
OFBill Bean
16.2%
OFJorge Orta
15.8%
PShawn Hillegas
15.4%
OFMark Bradley
13.6%
PRay Searage
13.3%
OFTito Landrum
13.2%
OFEd Amelung
13%
PTed Power
12.9%
PTom Brennan
12.8%
PWilliam Brennan
12.8%
OFTony Brewer
12.4%
CDarrin Fletcher
12.1%
PBrad Havens
12.1%
SS-2B-OFMike Ramsey
11.7%
PMike Munoz
11.5%
SSGary Weiss
11%
OFStu Pederson
9.8%
OFCecil Espy
9.6%
1BLarry See
9.4%
COrlando Mercado
9.1%
PMike Hartley
9%
OFMike Huff
8.9%
PVicente Romo
8.6%
SS-2B-3BPepe Frias
8.1%
OFMike Vail
7.6%
PBill Krueger
6.6%
SS-3B-2BCraig Shipley
6.6%
CDon Crow
5.9%
PJack Savage
5.9%
3B-2B-SSAlex Taveras
5.6%
3B-SS-2BBrad Wellman
5.3%
PSteve Shirley
3.4%
PRich Rodas
3.3%
PJeff Fischer
3%
PBalvino Galvez
2.5%

You're not logged in!

Compare scores with friends on all Sporcle quizzes.
Join for Free
OR
Log In

You Might Also Like...

Show Comments

Extras

Top Quizzes Today


Score Distribution

Your Account Isn't Verified!

In order to create a playlist on Sporcle, you need to verify the email address you used during registration. Go to your Sporcle Settings to finish the process.

Report this User

Report this user for behavior that violates our Community Guidelines.

Details: